000 00580nam a2200217Ia 4500
005 20240206093301.0
008 131103s9999 xx 000 0 und d
020 _a8120308271
_cRs.195
040 _aLoreto College
041 _aEnglish
082 _a370.15
_bMAN
100 _aMangal,S.K.
245 _aAdvanced Educational Psychology,
_cS.K.Mangal
260 _aDelhi
_bPrentice Hall
_c1993
300 _axii,416 p.
_b ill.,fig.
504 _aIncludes references and index
650 _aEducation
651 _aEducational Psychology
850 _aLCLIB
942 _cBK
999 _c9032
_d59511